Tribhuvan University Central Library

Bubbles, drops and particles. (Record no. 77150)

MARC details
000 -LEADER
fixed length control field 00711nam a22002777a 4500
008 - FIXED-LENGTH DATA ELEMENTS--GENERAL INFORMATION
fixed length control field 160105b xxu||||| |||| 00| 0 eng d
020 ## - INTERNATIONAL STANDARD BOOK NUMBER
International Standard Book Number 9780486445809
082 ## - DEWEY DECIMAL CLASSIFICATION NUMBER
Classification number 536.25/C613b
100 ## - MAIN ENTRY--PERSONAL NAME
Personal name Clift, R.
245 ## - TITLE STATEMENT
Title Bubbles, drops and particles.
260 ## - PUBLICATION, DISTRIBUTION, ETC.
Place of publication, distribution, etc. Mineola, New York:
Name of publisher, distributor, etc. Dover Publications,
Date of publication, distribution, etc. 2005.
300 ## - PHYSICAL DESCRIPTION
Extent xiii, 381p. illus.
504 ## - BIBLIOGRAPHY, ETC. NOTE
Bibliography, etc. note Bibliography at the end of each chapter
650 ## - SUBJECT ADDED ENTRY--TOPICAL TERM
Topical term or geographic name entry element Fluids
650 ## - SUBJECT ADDED ENTRY--TOPICAL TERM
Topical term or geographic name entry element Heat
650 ## - SUBJECT ADDED ENTRY--TOPICAL TERM
Topical term or geographic name entry element Heat transfer
9 (RLIN) 3899
650 ## - SUBJECT ADDED ENTRY--TOPICAL TERM
Topical term or geographic name entry element Bubbles
650 ## - SUBJECT ADDED ENTRY--TOPICAL TERM
Topical term or geographic name entry element Mass
650 ## - SUBJECT ADDED ENTRY--TOPICAL TERM
Form subdivision Particles
9 (RLIN) 19966
650 ## - SUBJECT ADDED ENTRY--TOPICAL TERM
Topical term or geographic name entry element Fluids mechanics
650 ## - SUBJECT ADDED ENTRY--TOPICAL TERM
Topical term or geographic name entry element Drops
650 ## - SUBJECT ADDED ENTRY--TOPICAL TERM
Topical term or geographic name entry element Gases
700 ## - ADDED ENTRY--PERSONAL NAME
Personal name Grace, J. R.
700 ## - ADDED ENTRY--PERSONAL NAME
Personal name Weber, M. E
942 ## - ADDED ENTRY ELEMENTS (KOHA)
Source of classification or shelving scheme Dewey Decimal Classification
Koha item type General Collections
Holdings
Withdrawn status Lost status Source of classification or shelving scheme Damaged status Not for loan Home library Current library Shelving location Date acquired Total Checkouts Full call number Barcode Date last seen Price effective from Koha item type
    Dewey Decimal Classification     Tribhuvan University Central Library Tribhuvan University Central Library New Building 01/05/2016   536.25/C613b 151682 01/05/2016 01/05/2016 General Collections